LEADER 02189nas 2200601- 450 001 996251328603316 005 20230504213020.0 011 $a2515-4842 035 $a(DE-599)ZDB2549344-9 035 $a(OCoLC)679900087 035 $a(CKB)110978977275654 035 $a(CONSER)--2020207500 035 $a(EXLCZ)99110978977275654 100 $a20101108a19519999 --- a 101 0 $aeng 135 $aurbn||||||abp 135 $aurbn||||||ada 181 $ctxt$2rdacontent 182 $cc$2rdamedia 183 $acr$2rdacarrier 200 00$aAmerican string teacher 210 1$aLawrenceville, N.J.$cAmerican String Teachers Association. 210 31$aThousand Oaks, CA :$cSage Publishing 300 $aRefereed/Peer-reviewed 300 $aOfficial publication of the American String Teachers Association. 311 $a0003-1313 517 1 $aAST 606 $aStringed instruments$xInstruction and study$zUnited States$vPeriodicals 606 $aMusic$xInstruction and study$zUnited States$vPeriodicals 606 $aMusic teachers$zUnited States 606 $aProfesseurs de musique$zÉtats-Unis 606 $aMusique$xÉtude et enseignement$zÉtats-Unis$vPériodiques 606 $aInstruments à cordes$xÉtude et enseignement$zÉtats-Unis$vPériodiques 606 $aMusic teachers$2fast$3(OCoLC)fst01030603 606 $aMusic$xInstruction and study$2fast$3(OCoLC)fst01030347 606 $aStringed instruments$xInstruction and study$2fast$3(OCoLC)fst01135429 607 $aUnited States$2fast 608 $aPeriodicals.$2fast 615 0$aStringed instruments$xInstruction and study 615 0$aMusic$xInstruction and study 615 0$aMusic teachers 615 6$aProfesseurs de musique 615 6$aMusique$xÉtude et enseignement 615 6$aInstruments à cordes$xÉtude et enseignement 615 7$aMusic teachers. 615 7$aMusic$xInstruction and study. 615 7$aStringed instruments$xInstruction and study. 676 $a787.07 712 02$aAmerican String Teachers Association, 906 $aJOURNAL 912 $a996251328603316 996 $aAmerican string teacher$91889149 997 $aUNISA LEADER 01281nam a2200361 i 4500 001 991001445069707536 005 20020507193559.0 008 980113s1987 us ||| | eng 020 $a0387964754 035 $ab10848460-39ule_inst 035 $aLE01312366$9ExL 040 $aDip.to Matematica$beng 082 0 $a530.15 084 $aAMS 76N 084 $aQA1.A647 100 1 $aGhil, Michael$0537228 245 10$aTopics in geophysical fluid dynamics :$batmospheric dynamics, dynamo theory, and climate dynamics /$cM. Ghil, S. Childress 260 $aNew York :$bSpringer-Verlag,$cc1987 300 $axv, 485 p. :$bill. ;$c24 cm. 490 0 $aApplied mathematical sciences ;$v60 500 $aIncludes index. 500 $aBibliography: p. 453-479 650 4$aDynamic climatology 650 4$aDynamic meteorology 650 4$aDynamo theory (Cosmic physics) 650 4$aFluid dynamics 700 1 $aChildress, Stephen 907 $a.b10848460$b23-02-17$c28-06-02 912 $a991001445069707536 945 $aLE013 76N GHI11 (1987)$g1$i2013000092577$lle013$o-$pE0.00$q-$rl$s- $t0$u2$v0$w2$x0$y.i10959488$z28-06-02 996 $aTopics in geophysical fluid dynamics$9918819 997 $aUNISALENTO 998 $ale013$b01-01-98$cm$da $e-$feng$gus $h0$i1